Movies Quiz

Random Movies or Quote Quiz

Obscure Movie Lines Quiz Stats

Quiz not verified by Sporcle

Challenge
Share
Tweet
Embed
Score 0/15 Timer 10:00
0 Plays Today
Quote: Movie: % Correct
'This cage is too small!'Shrek
37.1%
'I'll never love again.'The Princess Bride
33.9%
'I want to go home and rethink my life.'Star Wars Episode II: Attack of the Clones
32.3%
'My feet hurt.'Forrest Gump
25.8%
'We may be sitting down, but we're giving you a standing ovation!'The Producers
24.2%
'Yeah, but... we're still hungry.'The Lion King
19.4%
'It's the fastest model yet!'Harry Potter and the Philosopher's Stone
16.1%
'Happy two hundredth birthday, America, and many, many more!'Miracle
16.1%
Quote: Movie: % Correct
'Why wasn't I an only child?'Mrs. Doubtfire
12.9%
'Not at all. See you on Thursday.'Monty Python and the Holy Grail
9.7%
'It's wonderful to see you again!'Lord of the Rings: The Fellowship of the Ring
8.1%
'How would you like your steak cooked?'M*A*S*H
8.1%
'My time to shine.'The Simpsons Movie
8.1%
'It's like Albany--only cleaner.'Canadian Bacon
8.1%
'Quick! Snap the picture!'Spiderman 2
6.5%

You're not logged in!

Compare scores with friends on all Sporcle quizzes.
Join for Free
OR
Log In

You Might Also Like...

Show Comments

Extras

Top Quizzes Today


Score Distribution

Your Account Isn't Verified!

In order to create a playlist on Sporcle, you need to verify the email address you used during registration. Go to your Sporcle Settings to finish the process.

Report this User

Report this user for behavior that violates our Community Guidelines.

Details: